| 000 | 01687nam a2200277 a 4500 | ||
|---|---|---|---|
| 001 | 54775 | ||
| 003 | AR-BaAGN | ||
| 005 | 20250819143932.0 | ||
| 007 | ta | ||
| 008 | s ag |||||r|||| ||| ||spa d | ||
| 020 | _a9789506985745 | ||
| 040 |
_aAR-BaAGN _bspa _eaacr |
||
| 100 | 1 |
_aPieruzzini, María Rosana _99333 |
|
| 245 | 1 | 3 |
_aLa formación en trabajo social en Entre Ríos : _bun estudio sobre su surgimiento y las estrategias de intervención / _cRosana Pieruzzini. |
| 260 |
_aConcepción del Uruguay : _bEduner, _c2023. |
||
| 300 |
_a201 p. ; _c21 cm. |
||
| 336 |
_btxt _2rdacontent |
||
| 337 |
_bn _2rdamedia |
||
| 338 |
_bnc _2rdacarrier |
||
| 490 | 0 | _aColección Académica | |
| 520 | 3 | _aEsta obra aborda el surgimiento de la formación en Trabajo Social en Entre Ríos. En su análisis –que parte de una investigación realizada en el marco de una tesis de maestría– busca dilucidar cómo las estrategias de intervención desplegadas por los gobiernos provinciales han trazado algunos rasgos en los procesos de emergencia e institucionalización de esta profesión. En tal sentido, se trata de una indagación que, sustentada en fuentes históricas, documentales y en entrevistas a actores claves en la institucionalización del Trabajo Social, permite el conocimiento de la historia tanto de la institución como de un campo profesional altamente arraigado en nuestro territorio. | |
| 650 | 4 |
_aTRABAJO SOCIAL _92194 |
|
| 650 | 4 |
_aFORMACIÓN _92106 |
|
| 856 | 4 |
_uchrome-extension://efaidnbmnnnibpcajpcglclefindmkaj/https://eduner.uner.edu.ar/wp-content/uploads/2023/12/la_formacion_en_trabajo_social_material_complementario.pdf _zDisponible en: |
|
| 942 |
_cLIBRO _n0 |
||
| 999 |
_c54775 _d54775 |
||